000 00613nam a2200217Ii 4500
003 JO-AjNU
008 230606s9999||||xx |||||||||||||| ||und||
020 _a978-0-7653-6666-5
040 _aJO-AjNU
_beng
_erda
_cJO-AjNU
041 _aeng
050 1 4 _aPS3623.I382.F33 2010
100 3 _aWiehl, Lis/ April Henry,
_eauthor
_92489
245 0 0 _aFace Of Betrayal
250 _a1 ed
264 3 1 _aNew York:Tom Doherty Associates, LLC, 2010
300 _a420p
336 _atext
_btxt
_2rdacontent
337 _aunmediated
_bn
_2rdamedia
338 _avolume
_bnc
_2rdacarrier
650 4 _aNovel-American
_92490
999 _aE1303
_c1303
_d1303